000 01321cam a2200325 i 4500
003 SA-RiAUC
005 20250408074748.0
008 250329s1989 jo g 000 0 ara c
040 _aSA-MuMU
_bara
_cSA-RiAUC
_erda
050 4 _b.I34 1989
082 0 4 _a220
_qSA-RiAUC
090 _a220
_b ا ب ر
100 1 _aالإبراهيم، موسى إبراهيم،
_d1956-
_eمؤلف.
245 1 0 _aتأملات قرآنية :
_bبحت منهجي في علوم القرآن الكريم /
_cتأليف موسى إبراهيم الإبراهيم.
250 _aالطبعة الأولى.
264 1 _aعمان، الأردن :
_bدار عمار للنشر والتوزيع،
_c1989
264 2 _aعمان، الأردن :
_bتوزيع دار أسامة
300 _a226 صفحة ؛
_c24 سم.
336 _aنص
_btxt
_2rdacontent
_3كتاب
337 _aبدون وسيط
_bn
_2rdamedia
338 _aمجلد
_bnc
_2rdacarrier
490 0 _aدراسات إسلامية منهجية هادفة ؛
_v2
504 _aببليوجرافية : صفحة 213-215.
630 2 7 _aالقرآن
_xعلوم
_xبحوث
_2aucut
630 2 7 _aالقرآن
_xمباحث عامة
_2aucut
730 2 2 _aالقرآن
942 _2ddc
_cBOOK
_n0
949 _aSA-JeALM
_d250329
_umohamedma123
_n1
999 _c6778
_d6778